Zamestnanosť v poľnohospodárstve klesla o viac ako tretinu

Údaje o tempe a intenzite poklesu počtu pracovníkov v slovenskom poľnohospodárstve v rokoch 1990-1993 špeciálne a v porovnaní s ostatnými odvetviami.

Guardado en:
Detalles Bibliográficos
Autor principal: Buchta, Stanislav
Formato: Capítulo de libro
Lenguaje:eslovaco
Materias:
Etiquetas: Agregar Etiqueta
Sin Etiquetas, Sea el primero en etiquetar este registro!

MARC

LEADER 00000naa a2200000 4500
001 r015555
005 20221205091439.7
041 0 |a slo 
044 |a SK 
245 1 0 |a Zamestnanosť v poľnohospodárstve klesla o viac ako tretinu  |c Stanislav Buchta 
520 |a Údaje o tempe a intenzite poklesu počtu pracovníkov v slovenskom poľnohospodárstve v rokoch 1990-1993 špeciálne a v porovnaní s ostatnými odvetviami. 
610 2 0 |a poľnohospodárstvo 
610 2 0 |a nezamestnanosť 
610 2 0 |a zamestnanosť 
610 2 0 |a počet pracovníkov 
610 2 0 |a údaje štatistické 
610 2 0 |a 1990-1993 
100 1 |a Buchta, Stanislav